00343pab a2200121 454500008004000000100002100040245009100061260000900152300000900161362001400170650001800184773001900202180718b1984 xxu||||| |||| 00| 0 eng d aFinnimore, Peter aWhat should be the relationship between policing and politics in contemporary society? c1984 a8-18 aJan.-Mar. aPolice - U.K. aPolice Journal